[Event "Scarborough CC Jack Frost"]
[Site "Toronto"]
[Date "2012.01.26"]
[Round "4"]
[White "Krupka, David"]
[Black "Triefeldt, Jack"]
[Result "1/2-1/2"]
[WhiteElo "2028"]
[BlackElo "1747"]
[PlyCount "59"]
[EventDate "2012.01.05"]
[EventType "swiss"]
[EventRounds "6"]
[EventCountry "CAN"]
[SourceTitle "EXT 2022"]
[Source "ChessBase"]
[SourceDate "2021.10.06"]
[SourceVersion "1"]
[SourceVersionDate "2021.10.06"]
[SourceQuality "1"]

1. d4 Nf6 2. c4 g6 3. Nc3 Bg7 4. e4 d6 5. f3 0-0 6. Be3 e5 7. Nge2 Nbd7 8. Qd2 c5 9. d5 Nb6 10. b3 Ne8 11. g3 f5 12. Bg2 a6 13. 0-0 Nf6 14. Rae1 Qe7 15. Kh1 fxe4 16. Nxe4 Nxe4 17. fxe4 Bg4 18. h3 Bxe2 19. Qxe2 Nd7 20. h4 Rxf1+ 21. Rxf1 Rf8 22. Bh3 Rxf1+ 23. Qxf1 Nf8 24. Bg5 Qe8 25. Qc1 b6 26. Qa3 a5 27. Qa4 Qf7 28. Kg2 h6 29. Bd8 Bf6 30. Bxb6 1/2-1/2

[Event "Scarborough CC Spring Into Summer"]
[Site "Toronto"]
[Date "2011.05.12"]
[Round "2"]
[White "Krupka, David"]
[Black "Posaratnanathan, Juliaan"]
[Result "1/2-1/2"]
[WhiteElo "2019"]
[BlackElo "1902"]
[PlyCount "50"]
[EventDate "2011.04.28"]
[EventType "swiss"]
[EventRounds "9"]
[EventCountry "CAN"]
[SourceTitle "EXT 2022"]
[Source "ChessBase"]
[SourceDate "2021.10.06"]
[SourceVersion "1"]
[SourceVersionDate "2021.10.06"]
[SourceQuality "1"]

1. d4 Nf6 2. c4 e6 3. Nc3 Bb4 4. e3 0-0 5. Nge2 b6 6. a3 Be7 7. e4 d6 8. f3 Nbd7 9. Ng3 Ba6 10. Be2 Re8 11. 0-0 Bf8 12. Bg5 h6 13. Be3 e5 14. d5 Bc8 15. b4 Nh7 16. Nf5 Ndf6 17. g4 Bxf5 18. gxf5 Nh5 19. Kh1 Be7 20. Rg1 Bg5 21. Bxg5 Nxg5 22. Bf1 Nf4 23. Rg3 Nh5 24. Rg4 Nf4 25. Rg3 Nh5 1/2-1/2

[Event "Scarborough CC-ch Reserves"]
[Site "Toronto"]
[Date "2011.03.31"]
[Round "6"]
[White "Krupka, David"]
[Black "Bao, Stephen"]
[Result "1-0"]
[WhiteElo "2035"]
[BlackElo "1773"]
[PlyCount "92"]
[EventDate "2011.02.24"]
[EventType "swiss"]
[EventRounds "9"]
[EventCountry "CAN"]
[SourceTitle "EXT 2022"]
[Source "ChessBase"]
[SourceDate "2021.10.06"]
[SourceVersion "1"]
[SourceVersionDate "2021.10.06"]
[SourceQuality "1"]

1. d4 Nf6 2. c4 e6 3. Nc3 Bb4 4. Bg5 h6 5. Bh4 0-0 6. Qc2 d5 7. e3 g5 8. Bg3 Ne4 9. Bd3 f5 10. f3 Nxc3 11. bxc3 Ba5 12. Ne2 Nd7 13. cxd5 exd5 14. Bxf5 Qe7 15. Bf2 Nb6 16. Bd3 Bd7 17. 0-0 Rf7 18. e4 Raf8 19. Ng3 Qa3 20. Rac1 Na4 21. c4 Nb2 22. Be2 Ba4 23. Qb1 Bd2 24. Nf5 Rf6 25. cxd5 Bxc1 26. Qxc1 R8f7 27. h4 Bd7 28. hxg5 hxg5 29. Qxg5+ Kh8 30. Qh4+ Kg8 31. Nh6+ Rxh6 32. Qxh6 Nd3 33. Bg3 Qc3 34. Qe3 Bb5 35. Bxd3 Qxd3 36. Qxd3 Bxd3 37. Rc1 Rg7 38. Kf2 b5 39. Rxc7 Rxc7 40. Bxc7 Bc4 41. a3 Kf7 42. Ke3 Ke7 43. g4 Kd7 44. Ba5 Bf1 45. e5 Bc4 46. Ke4 Bb3 1-0

[Event "Scarborough CC-ch Reserves"]
[Site "Toronto"]
[Date "2011.03.17"]
[Round "4"]
[White "Krupka, David"]
[Black "Lin, Tony"]
[Result "0-1"]
[WhiteElo "2035"]
[BlackElo "1936"]
[PlyCount "80"]
[EventDate "2011.02.24"]
[EventType "swiss"]
[EventRounds "9"]
[EventCountry "CAN"]
[SourceTitle "EXT 2022"]
[Source "ChessBase"]
[SourceDate "2021.10.06"]
[SourceVersion "1"]
[SourceVersionDate "2021.10.06"]
[SourceQuality "1"]

1. e4 c5 2. Nf3 d6 3. d4 cxd4 4. Nxd4 Nf6 5. Nc3 Nc6 6. Bg5 e6 7. f4 a6 8. Qd2 Bd7 9. 0-0-0 b5 10. e5 dxe5 11. Nxc6 Bxc6 12. Qxd8+ Rxd8 13. Rxd8+ Kxd8 14. fxe5 h6 15. Bxf6+ gxf6 16. exf6 Rg8 17. Ne2 Bc5 18. Ng3 Rg6 19. Bd3 Rxf6 20. Ne4 Be3+ 21. Kb1 Rg6 22. Rd1 Ke7 23. g3 Rg8 24. Re1 Bb6 25. a4 h5 26. axb5 axb5 27. Nc3 h4 28. gxh4 b4 29. Ne4 Rh8 30. Ng3 Ke8 31. h5 Bc7 32. Be4 Bb5 33. Bf3 Bd6 34. Rd1 Be7 35. Rd4 f5 36. c3 bxc3 37. bxc3 Kf7 38. c4 Ba4 39. c5 Rb8+ 40. Ka2 Bb3+ 0-1

[Event "Scarborough CC-ch Reserves"]
[Site "Toronto"]
[Date "2011.03.03"]
[Round "2"]
[White "Krupka, David"]
[Black "Paterson, Jim"]
[Result "1-0"]
[WhiteElo "2035"]
[BlackElo "1825"]
[PlyCount "95"]
[EventDate "2011.02.24"]
[EventType "swiss"]
[EventRounds "9"]
[EventCountry "CAN"]
[SourceTitle "EXT 2022"]
[Source "ChessBase"]
[SourceDate "2021.10.06"]
[SourceVersion "1"]
[SourceVersionDate "2021.10.06"]
[SourceQuality "1"]

1. e4 Nc6 2. Nf3 d6 3. d4 e5 4. d5 Nce7 5. Bb5+ Bd7 6. Qd3 a6 7. Bxd7+ Qxd7 8. Nc3 g6 9. Bg5 Bh6 10. Bxh6 Nxh6 11. Qd2 Nhg8 12. 0-0-0 f6 13. h4 h5 14. Ne1 Qg4 15. f3 Qf4 16. Qxf4 exf4 17. Nd3 g5 18. g3 Ng6 19. gxf4 gxf4 20. Ne2 Ne5 21. Rdf1 c6 22. Ndxf4 cxd5 23. Nxd5 Rc8 24. Rhg1 Kf7 25. Nd4 Nh6 26. b3 Rhg8 27. Kd1 Nc6 28. Nxc6 Rxc6 29. Nf4 Rc5 30. Rxg8 Nxg8 31. Rf2 Ne7 32. Rd2 Nc8 33. Rd5 Rxd5+ 34. Nxd5 Ne7 35. Nxe7 Kxe7 36. Kd2 Ke6 37. Ke3 d5 38. Kd4 dxe4 39. Kxe4 a5 40. a3 b6 41. c3 b5 42. f4 f5+ 43. Kd4 Kd6 44. b4 a4 45. c4 bxc4 46. Kxc4 Kc6 47. b5+ Kb6 48. Kb4 1-0

[Event "Scarborough CC Falling Leaves"]
[Site "Toronto"]
[Date "2010.11.11"]
[Round "3"]
[White "Krupka, David"]
[Black "Ferreira, Alex"]
[Result "1/2-1/2"]
[WhiteElo "1986"]
[BlackElo "2087"]
[PlyCount "62"]
[EventDate "2010.10.28"]
[EventType "swiss"]
[EventRounds "7"]
[EventCountry "CAN"]
[SourceTitle "EXT 2022"]
[Source "ChessBase"]
[SourceDate "2021.10.06"]
[SourceVersion "1"]
[SourceVersionDate "2021.10.06"]
[SourceQuality "1"]

1. d4 Nf6 2. c4 e5 3. dxe5 Ng4 4. Nf3 Nc6 5. e3 Ngxe5 6. Be2 Bb4+ 7. Bd2 Bxd2+ 8. Qxd2 0-0 9. Nc3 d6 10. 0-0 Nxf3+ 11. Bxf3 Ne5 12. Be2 Be6 13. b3 Qh4 14. Nd5 c6 15. Nf4 Rad8 16. Qd4 Bc8 17. Qxa7 Bf5 18. Qd4 g5 19. Nh5 g4 20. Nf4 Qg5 21. Kh1 h5 22. Nd3 Ng6 23. f4 Qe7 24. Rae1 h4 25. Nf2 g3 26. Ng4 Bxg4 27. Bxg4 f5 28. Bh5 Rf6 29. Rf3 Nf8 30. hxg3 Ne6 31. Qc3 Nc5 1/2-1/2

[Event "Toronto Howard Ridout Swiss"]
[Site "Toronto"]
[Date "2010.09.09"]
[Round "1"]
[White "Lamb, Bryan"]
[Black "Krupka, David"]
[Result "1/2-1/2"]
[WhiteElo "2180"]
[BlackElo "1949"]
[PlyCount "67"]
[EventDate "2010.09.09"]
[EventType "swiss"]
[EventRounds "7"]
[EventCountry "CAN"]
[SourceTitle "EXT 2022"]
[Source "ChessBase"]
[SourceDate "2021.10.06"]
[SourceVersion "1"]
[SourceVersionDate "2021.10.06"]
[SourceQuality "1"]

1. c4 Nf6 2. Nc3 e6 3. e4 d5 4. cxd5 exd5 5. e5 Ne4 6. Qf3 Nxc3 7. dxc3 Be6 8. Bf4 Be7 9. Qg3 g6 10. Bd3 c6 11. h4 h5 12. Nf3 Nd7 13. Nd4 Nf8 14. 0-0-0 Qa5 15. Bg5 Bxg5+ 16. Qxg5 Qd8 17. Qg3 Qe7 18. f4 Bg4 19. Rd2 Ne6 20. f5 gxf5 21. Rf1 f4 22. Qe1 0-0-0 23. Nxe6 Qxe6 24. Rxf4 Rhe8 25. Qf2 Qxe5 26. Rxf7 Qe1+ 27. Kc2 Qxf2 28. Rdxf2 Rd7 29. Bf5 Bxf5+ 30. R7xf5 Rde7 31. Rxh5 Re2+ 32. Rxe2 Rxe2+ 33. Kb3 Rxg2 34. Rh7 1/2-1/2

[Event "Scarborough CC-ch Reserves op"]
[Site "Toronto"]
[Date "2010.03.18"]
[Round "4"]
[White "Krupka, David"]
[Black "Rutherdale, William"]
[Result "1/2-1/2"]
[WhiteElo "2015"]
[BlackElo "1734"]
[PlyCount "97"]
[EventDate "2010.02.25"]
[EventType "swiss"]
[EventRounds "9"]
[EventCountry "CAN"]
[SourceTitle "EXT 2022"]
[Source "ChessBase"]
[SourceDate "2021.10.06"]
[SourceVersion "1"]
[SourceVersionDate "2021.10.06"]
[SourceQuality "1"]

1. e4 e5 2. Nf3 Nc6 3. Bb5 a6 4. Ba4 Nf6 5. 0-0 Be7 6. Re1 b5 7. Bb3 d6 8. c3 0-0 9. h3 Na5 10. Bc2 c5 11. d3 Nc6 12. Nbd2 g6 13. Nf1 Nh5 14. d4 Qc7 15. Bh6 Rd8 16. d5 Na5 17. b3 Nf4 18. Qd2 Nh5 19. g4 Ng7 20. Ng3 Re8 21. Kg2 Nb7 22. Rh1 f6 23. Nh2 Nd8 24. Be3 Nf7 25. Raf1 a5 26. h4 b4 27. c4 Bd7 28. h5 g5 29. Qe2 Nh6 30. f3 a4 31. Ra1 a3 32. Rag1 Reb8 33. Qd3 Nf7 34. h6 Nxh6 35. Nf5 Ngxf5 36. gxf5 Nf7 37. Ng4 Kg7 38. Kf2 Rh8 39. Rh5 h6 40. Qf1 Rh7 41. Qg2 Rah8 42. Nh2 Be8 43. Bd1 Nd8 44. f4 exf4 45. Bxf4 Nf7 46. Rh3 h5 47. Nf3 Qd8 48. Rg3 Kf8 49. Be3 1/2-1/2

[Event "Scarborough CC-ch Reserves op"]
[Site "Toronto"]
[Date "2010.03.11"]
[Round "3"]
[White "Ugodnikov, Arkadiy"]
[Black "Krupka, David"]
[Result "1-0"]
[WhiteElo "1785"]
[BlackElo "2015"]
[PlyCount "47"]
[EventDate "2010.02.25"]
[EventType "swiss"]
[EventRounds "9"]
[EventCountry "CAN"]
[SourceTitle "EXT 2022"]
[Source "ChessBase"]
[SourceDate "2021.10.06"]
[SourceVersion "1"]
[SourceVersionDate "2021.10.06"]
[SourceQuality "1"]

1. e4 c6 2. d4 d5 3. f3 e6 4. Nc3 Bb4 5. Nge2 dxe4 6. fxe4 Qh4+ 7. Ng3 Nf6 8. Qf3 e5 9. dxe5 Ng4 10. Bd2 Nxe5 11. Qe3 Be6 12. a3 Be7 13. 0-0-0 Nbd7 14. Nf5 Bxf5 15. exf5 Bc5 16. Qf4 Qxf4 17. Bxf4 0-0-0 18. Be2 Rhe8 19. Ne4 Bf8 20. Nd6+ Bxd6 21. Rxd6 f6 22. Rhd1 Nf7 23. Rxc6+ bxc6 24. Ba6# 1-0

[Event "Toronto Scarborough CC Frost op"]
[Site "Toronto"]
[Date "2010.01.28"]
[Round "4"]
[White "Krupka, David"]
[Black "Manalo, Pepin"]
[Result "1-0"]
[WhiteElo "2047"]
[BlackElo "1808"]
[PlyCount "73"]
[EventDate "2010.01.07"]
[EventType "swiss"]
[EventRounds "6"]
[EventCountry "CAN"]
[SourceTitle "EXT 2011"]
[Source "ChessBase"]
[SourceDate "2010.11.26"]
[SourceVersion "1"]
[SourceVersionDate "2010.11.26"]
[SourceQuality "1"]

1. d4 Nf6 2. c4 d6 3. Nf3 Nbd7 4. Nc3 c6 5. g3 e5 6. e4 Be7 7. Bg2 0-0 8. 0-0 Qc7 9. h3 Nb6 10. Qe2 Bd7 11. Bg5 Rfe8 12. Rac1 Rad8 13. b3 h6 14. Be3 Bf8 15. d5 c5 16. Qd2 Qc8 17. Kh2 a6 18. Ng1 Kh8 19. f4 exf4 20. Bxf4 Ng8 21. g4 f6 22. Nge2 Qc7 23. Ng3 g5 24. Be3 Re5 25. Nce2 Be8 26. Nf5 Bg6 27. Neg3 Ne7 28. Qf2 Nxf5 29. gxf5 Bf7 30. Bd2 Nd7 31. Bf3 Ree8 32. Rce1 Bg7 33. h4 Re7 34. Bc3 Ne5 35. Bxe5 Rxe5 36. Qg2 Rg8 37. Qh3 1-0

[Event "Toronto Scarborough CC Falling Leaves"]
[Site "Toronto"]
[Date "2009.12.03"]
[Round "5"]
[White "Ward, Dean"]
[Black "Krupka, David"]
[Result "1/2-1/2"]
[WhiteElo "1766"]
[BlackElo "2092"]
[PlyCount "97"]
[EventDate "2009.11.05"]
[EventType "swiss"]
[EventRounds "7"]
[EventCountry "CAN"]
[SourceTitle "EXT 2011"]
[Source "ChessBase"]
[SourceDate "2010.11.26"]
[SourceVersion "1"]
[SourceVersionDate "2010.11.26"]
[SourceQuality "1"]

1. d4 d5 2. c4 e6 3. Nc3 Nf6 4. Bg5 Nbd7 5. cxd5 exd5 6. Qb3 Be7 7. Rc1 0-0 8. Nf3 c6 9. h3 Ne4 10. Bf4 Ndf6 11. e3 Qb6 12. Qxb6 axb6 13. a3 b5 14. Na2 Nd7 15. Bd3 f5 16. Ne5 Nb6 17. f3 Nd6 18. Ke2 Ndc4 19. Rc2 Be6 20. Rhc1 g5 21. Bh2 f4 22. Bxc4 Nxc4 23. Nxc4 dxc4 24. e4 Rfd8 25. Bg1 Bf6 26. Rd2 h5 27. Nc3 Rd7 28. Rcd1 Rad8 29. e5 Be7 30. Ne4 Bd5 31. g4 hxg4 32. hxg4 Kg7 33. Nc3 Be6 34. a4 b4 35. Ne4 Ra8 36. Ra1 b5 37. a5 Rdd8 38. Nc5 Bxc5 39. dxc5 Bd5 40. Bd4 Kg6 41. Kf2 Rh8 42. e6 Rh7 43. Re2 Rh2+ 44. Kf1 Rxe2 45. Kxe2 Bxe6 46. a6 Bd5 47. Be5 Kf7 48. a7 Ke6 49. Bb8 1/2-1/2

[Event "Toronto Scarborough CC Falling Leaves"]
[Site "Toronto"]
[Date "2009.11.12"]
[Round "2"]
[White "Paterson, Jim"]
[Black "Krupka, David"]
[Result "1/2-1/2"]
[WhiteElo "1826"]
[BlackElo "2092"]
[PlyCount "51"]
[EventDate "2009.11.05"]
[EventType "swiss"]
[EventRounds "7"]
[EventCountry "CAN"]
[SourceTitle "EXT 2011"]
[Source "ChessBase"]
[SourceDate "2010.11.26"]
[SourceVersion "1"]
[SourceVersionDate "2010.11.26"]
[SourceQuality "1"]

1. e3 d5 2. f4 g6 3. c3 Bg7 4. d4 c6 5. Nf3 Bf5 6. Be2 Bxb1 7. Rxb1 Nf6 8. 0-0 Nbd7 9. a4 Ne4 10. Bd2 0-0 11. Be1 Qc7 12. Nd2 Nxd2 13. Qxd2 f5 14. Bh4 Nb6 15. b3 Nc8 16. h3 Nd6 17. Bf3 e6 18. Rfc1 b5 19. Qa2 Rfc8 20. Qa3 Bf8 21. Qa2 Kf7 22. Be1 Rab8 23. Ra1 Rb7 24. g4 Kg8 25. g5 Qb6 26. a5 1/2-1/2

[Event "Toronto Howard Ridout op"]
[Site "Toronto"]
[Date "2009.10.22"]
[Round "7"]
[White "Krupka, David"]
[Black "Bzikot, Robert"]
[Result "1/2-1/2"]
[WhiteElo "2144"]
[BlackElo "1908"]
[PlyCount "59"]
[EventDate "2009.09.10"]
[EventType "swiss"]
[EventRounds "8"]
[EventCountry "CAN"]
[SourceTitle "EXT 2011"]
[Source "ChessBase"]
[SourceDate "2010.11.26"]
[SourceVersion "1"]
[SourceVersionDate "2010.11.26"]
[SourceQuality "1"]

1. d4 f5 2. g3 Nf6 3. Bg2 g6 4. c4 Bg7 5. Nc3 d6 6. Nh3 0-0 7. d5 Na6 8. Nf4 Nc5 9. Be3 e5 10. dxe6 Nxe6 11. Rc1 Ng4 12. Nxe6 Bxe6 13. Bd4 Bh6 14. f4 c5 15. Bg1 Nf6 16. b3 Qe7 17. Qd3 Rad8 18. Rd1 Rfe8 19. Bf2 b5 20. cxb5 d5 21. 0-0 d4 22. Na4 c4 23. bxc4 Qb4 24. Qb3 Qxc4 25. Qxc4 Bxc4 26. Rxd4 Rxd4 27. Bxd4 Ne4 28. Nc3 Nxc3 29. Bxc3 Rxe2 30. Rd1 1/2-1/2

[Event "Toronto Howard Ridout op"]
[Site "Toronto"]
[Date "2009.09.10"]
[Round "1"]
[White "Krupka, David"]
[Black "Moran Venegas, Mario"]
[Result "1-0"]
[WhiteElo "2144"]
[BlackElo "1762"]
[PlyCount "109"]
[EventDate "2009.09.10"]
[EventType "swiss"]
[EventRounds "8"]
[EventCountry "CAN"]
[SourceTitle "EXT 2011"]
[Source "ChessBase"]
[SourceDate "2010.11.26"]
[SourceVersion "1"]
[SourceVersionDate "2010.11.26"]
[SourceQuality "1"]

1. d4 Nf6 2. c4 g6 3. Nc3 d5 4. Bg5 e6 5. cxd5 exd5 6. Bxf6 Qxf6 7. Nxd5 Qd6 8. Nc3 Bg7 9. e3 0-0 10. Nf3 Bg4 11. Be2 Nd7 12. Rc1 c6 13. 0-0 Rae8 14. h3 Bf5 15. Bd3 Bxd3 16. Qxd3 Ne5 17. Nxe5 Bxe5 18. Ne4 Qd8 19. Nc5 Bb8 20. Rc3 Re7 21. Rb3 Qc7 22. f4 Qc8 23. Ne4 Kg7 24. Ng5 h6 25. Nf3 Rfe8 26. Ne5 Rd8 27. Qc2 Bxe5 28. fxe5 Re6 29. Rc3 Rd5 30. b4 a6 31. Qf2 Qd7 32. Rc4 Qe7 33. a3 Qc7 34. Rcc1 Qe7 35. Rcd1 f5 36. exf6+ Rxf6 37. Qxf6+ Qxf6 38. Rxf6 Kxf6 39. Kf2 Rf5+ 40. Ke2 Ke6 41. Rf1 Rxf1 42. Kxf1 Kd5 43. Ke2 Ke4 44. g3 h5 45. Kf2 g5 46. g4 hxg4 47. hxg4 b6 48. a4 c5 49. dxc5 bxc5 50. bxc5 Kd5 51. c6 Kxc6 52. e4 Kd6 53. Ke3 Ke5 54. a5 Kd6 55. Kd4 1-0

[Event "Scarborough CC Spring op"]
[Site "Toronto"]
[Date "2009.05.14"]
[Round "3"]
[White "Peng, Bill"]
[Black "Krupka, David"]
[Result "1-0"]
[WhiteElo "2022"]
[BlackElo "2216"]
[PlyCount "67"]
[EventDate "2009.04.30"]
[EventType "swiss"]
[EventRounds "9"]
[EventCountry "CAN"]
[SourceTitle "EXT 2011"]
[Source "ChessBase"]
[SourceDate "2010.11.26"]
[SourceVersion "1"]
[SourceVersionDate "2010.11.26"]
[SourceQuality "1"]

1. e4 c6 2. d4 d5 3. exd5 cxd5 4. Nf3 Nc6 5. Be2 Bg4 6. h3 Bh5 7. 0-0 e6 8. c4 dxc4 9. Bxc4 Bxf3 10. Qxf3 Qxd4 11. Bb5 Qb6 12. Nc3 Rc8 13. Be3 Qa5 14. a3 a6 15. b4 Qd8 16. Bxc6+ Rxc6 17. Ne4 Nf6 18. Bg5 Be7 19. Bxf6 Bxf6 20. Rad1 Qe7 21. Nc5 Rc7 22. Nxa6 Rc3 23. Qe4 0-0 24. Nc5 Rxa3 25. Rd7 Qe8 26. Rxb7 Qd8 27. Nd7 Re8 28. Qc6 Ra8 29. Rd1 Qc8 30. b5 Bd8 31. Ne5 Qxc6 32. bxc6 f6 33. Nc4 Be7 34. c7 1-0

[Event "Scarborough CC Jack Frost"]
[Site "Toronto"]
[Date "2009.01.15"]
[Round "2"]
[White "Wu, Aaron"]
[Black "Krupka, David"]
[Result "1/2-1/2"]
[WhiteElo "1995"]
[BlackElo "2221"]
[PlyCount "76"]
[EventDate "2009.01.08"]
[EventType "swiss"]
[EventRounds "7"]
[EventCountry "CAN"]
[SourceTitle "EXT 2011"]
[Source "ChessBase"]
[SourceDate "2010.11.26"]
[SourceVersion "1"]
[SourceVersionDate "2010.11.26"]
[SourceQuality "1"]

1. e4 c5 2. Nf3 e6 3. d4 cxd4 4. Nxd4 Nf6 5. Nc3 Nc6 6. Be3 Bb4 7. Nxc6 bxc6 8. Bd3 d5 9. exd5 exd5 10. Bd2 Qe7+ 11. Qe2 Qxe2+ 12. Bxe2 0-0 13. 0-0 Bf5 14. a3 Bd6 15. Bd3 Bxd3 16. cxd3 Ng4 17. g3 Ne5 18. Bf4 Nf3+ 19. Kg2 Nh4+ 20. Kh3 Bxf4 21. Kxh4 Be5 22. Rac1 Rfb8 23. Na4 Bxb2 24. Nxb2 Rxb2 25. Rxc6 Rd2 26. Rc3 g6 27. Kg4 Kg7 28. Kf4 Re8 29. h4 Re6 30. f3 h5 31. Rfc1 Rde2 32. g4 Rf6+ 33. Kg3 Re3 34. Rf1 hxg4 35. Kxg4 Ra6 36. Kf4 d4 37. Rb3 Rf6+ 38. Kg4 Ra6 1/2-1/2

[Event "Scarborough CC Fall Swiss"]
[Site "Toronto"]
[Date "2008.12.18"]
[Round "8"]
[White "Armstrong, Robert J"]
[Black "Krupka, David"]
[Result "0-1"]
[WhiteElo "1804"]
[BlackElo "2262"]
[PlyCount "128"]
[EventDate "2008.10.30"]
[EventType "swiss"]
[EventRounds "8"]
[EventCountry "CAN"]
[SourceTitle "EXT 2011"]
[Source "ChessBase"]
[SourceDate "2010.11.26"]
[SourceVersion "1"]
[SourceVersionDate "2010.11.26"]
[SourceQuality "1"]

1. d4 d5 2. c4 e5 3. dxe5 d4 4. Nf3 Nc6 5. e3 Bb4+ 6. Bd2 dxe3 7. fxe3 Nge7 8. Be2 Nf5 9. 0-0 Bxd2 10. Qxd2 Qxd2 11. Nbxd2 Nxe3 12. Rfc1 Ng4 13. Bd3 0-0 14. Re1 Re8 15. e6 f6 16. Bf5 Nge5 17. Rad1 Bxe6 18. Nxe5 Nxe5 19. Bxe6+ Rxe6 20. c5 Rae8 21. Re3 Kf7 22. Rb3 b6 23. cxb6 axb6 24. Nf3 Nxf3+ 25. gxf3 Re2 26. Rc1 R8e7 27. a3 Rd2 28. Rbc3 c5 29. b4 cxb4 30. axb4 Ree2 31. Rc6 Rg2+ 32. Kh1 Rxh2+ 33. Kg1 Rdg2+ 34. Kf1 Rb2 35. Kg1 Rh4 36. Rxb6 Rhxb4 37. Rc7+ Kg6 38. Rxb4 Rxb4 39. Kg2 Kh6 40. Rf7 Rf4 41. Kg3 g5 42. Re7 Kg6 43. Re8 h5 44. Rg8+ Kf5 45. Rh8 h4+ 46. Kg2 Rb4 47. Rf8 Rb2+ 48. Kg1 h3 49. Rh8 h2+ 50. Rxh2 Rxh2 51. Kxh2 Kf4 52. Kg2 Ke3 53. Kf1 Kxf3 54. Kg1 g4 55. Kf1 g3 56. Kg1 g2 57. Kh2 Kf2 58. Kh3 g1Q 59. Kh4 Kf3 60. Kh5 Kf4 61. Kh6 Kf5 62. Kh7 Ke6 63. Kh6 Qg8 64. Kh5 Qg5# 0-1

[Event "Toronto Howard Ridout op"]
[Site "Toronto"]
[Date "2008.10.02"]
[Round "4"]
[White "Krupka, David"]
[Black "Moffat, Andrei"]
[Result "1/2-1/2"]
[WhiteElo "2262"]
[BlackElo "2198"]
[PlyCount "40"]
[EventDate "2008.09.11"]
[EventType "swiss"]
[EventRounds "7"]
[EventCountry "CAN"]
[SourceTitle "EXT 2011"]
[Source "ChessBase"]
[SourceDate "2010.11.26"]
[SourceVersion "1"]
[SourceVersionDate "2010.11.26"]
[SourceQuality "1"]

1. d4 Nf6 2. c4 c5 3. e3 g6 4. Nc3 Bg7 5. Nf3 0-0 6. Be2 b6 7. 0-0 cxd4 8. exd4 d5 9. Bg5 Bb7 10. Ne5 Ne4 11. Bf4 Nxc3 12. bxc3 dxc4 13. Bxc4 Nd7 14. Re1 Nxe5 15. Bxe5 Bxe5 16. Rxe5 Rc8 17. Qe2 e6 18. Re3 Qd6 19. Bb3 Rfd8 20. Re1 Rc7 1/2-1/2

[Event "Toronto op"]
[Site "Toronto"]
[Date "1997.??.??"]
[Round "7"]
[White "Gregorz, Ralph"]
[Black "Krupka, David"]
[Result "1/2-1/2"]
[WhiteElo "2135"]
[BlackElo "2300"]
[PlyCount "51"]
[EventDate "1997.??.??"]
[EventType "swiss"]
[EventRounds "7"]
[EventCountry "CAN"]
[SourceTitle "EXT 2001"]
[Source "ChessBase"]
[SourceDate "2000.11.22"]
[SourceVersion "1"]
[SourceVersionDate "2000.11.22"]
[SourceQuality "1"]

1. c4 Nf6 2. Nf3 c5 3. Nc3 Nc6 4. g3 e6 5. Bg2 d5 6. cxd5 exd5 7. d4 Be7 8. 0-0 0-0 9. Bg5 cxd4 10. Nxd4 Be6 11. Rc1 Qa5 12. Nxc6 bxc6 13. Qa4 Qb6 14. Qc2 Rac8 15. Na4 Qb5 16. b3 Rfe8 17. Nc5 Bg4 18. e3 h6 19. Bxf6 Bxf6 20. Rfe1 Bh5 21. Qd2 Bg6 22. Bf1 Qb6 23. Nd7 Qd8 24. Nxf6+ Qxf6 25. Qc3 Qxc3 26. Rxc3 1/2-1/2

[Event "Toronto op"]
[Site "Toronto"]
[Date "1997.??.??"]
[Round "5"]
[White "Kiviaho, Bob"]
[Black "Krupka, David"]
[Result "1-0"]
[WhiteElo "2330"]
[BlackElo "2300"]
[PlyCount "105"]
[EventDate "1997.??.??"]
[EventType "swiss"]
[EventRounds "7"]
[EventCountry "CAN"]
[SourceTitle "EXT 2001"]
[Source "ChessBase"]
[SourceDate "2000.11.22"]
[SourceVersion "1"]
[SourceVersionDate "2000.11.22"]
[SourceQuality "1"]

1. e4 c6 2. d4 d5 3. Nc3 dxe4 4. Nxe4 Nf6 5. Nxf6+ exf6 6. Be3 Bd6 7. Qd2 0-0 8. Ne2 Re8 9. 0-0-0 a5 10. d5 c5 11. Nc3 Bd7 12. Nb5 Bxb5 13. Bxb5 Re7 14. Bf4 Na6 15. Rhe1 Rxe1 16. Rxe1 Bxf4 17. Qxf4 Nc7 18. Be2 Nxd5 19. Qc4 Nb4 20. a3 Na6 21. Bf3 Qd7 22. Qd5 Qxd5 23. Bxd5 Nc7 24. Bxb7 Rb8 25. Bc6 Kf8 26. Rd1 Ne6 27. Rd7 Rd8 28. Rxd8+ Nxd8 29. Bf3 Ke7 30. Kd2 Kd6 31. Kd3 Ne6 32. c3 f5 33. Kc4 g5 34. Kb5 Nf4 35. Kxa5 g4 36. Ba8 Nd3 37. b4 Nxf2 38. Kb6 cxb4 39. cxb4 Nd3 40. Kb5 h5 41. a4 f4 42. a5 h4 43. a6 f3 44. gxf3 g3 45. hxg3 hxg3 46. f4 Nxf4 47. a7 Ne6 48. Bg2 f5 49. a8Q Nc7+ 50. Kc4 Nxa8 51. Bxa8 f4 52. b5 Kc7 53. Kc5 1-0

[Event "Toronto op"]
[Site "Toronto"]
[Date "1997.??.??"]
[Round "6"]
[White "Krupka, David"]
[Black "Thiele, Frank"]
[Result "1-0"]
[WhiteElo "2300"]
[BlackElo "2075"]
[PlyCount "79"]
[EventDate "1997.??.??"]
[EventType "swiss"]
[EventRounds "7"]
[EventCountry "CAN"]
[SourceTitle "EXT 2001"]
[Source "ChessBase"]
[SourceDate "2000.11.22"]
[SourceVersion "1"]
[SourceVersionDate "2000.11.22"]
[SourceQuality "1"]

1. d4 Nf6 2. c4 g6 3. Nc3 Bg7 4. e4 d6 5. Nf3 0-0 6. Be2 e5 7. 0-0 Nc6 8. d5 Ne7 9. Ne1 Nd7 10. f3 f5 11. g4 Rf7 12. Nd3 a6 13. Be3 c5 14. a3 Rb8 15. b4 b6 16. Rb1 Kh8 17. Rb2 Qf8 18. Bf2 Bh6 19. h3 Ng8 20. Qb1 Ngf6 21. bxc5 dxc5 22. a4 a5 23. Kg2 Ba6 24. Ne1 Ne8 25. Nc2 Nd6 26. Na3 Bf4 27. Bd3 Qh6 28. Rh1 Be3 29. Qe1 Bf4 30. Ne2 fxe4 31. fxe4 Rbf8 32. Nxf4 Qxf4 33. Qe3 Qf3+ 34. Kh2 Qf4+ 35. Kg2 Qf3+ 36. Kh2 Rf4 37. Re1 Qxe3 38. Bxe3 Rf3 39. Kg2 R3f7 40. Rbb1 1-0